00761nam a2200241Ia 4500003000400000005001700004008004100021020001500062040001800077041000800095082002000103100002000123245006500143250001200208260003500220300002600255650005500281650003200336650004200368650003700410650003900447650003300486OSt20241220091941.0210716s2003 xx 000 0 und d a8181280318 cAIMIT LIBRARY aeng a005.7401 bALAS aAlapati, Sam R. aExpert oracle9i database administration /cBy Sam R Alapati. a1st ed. aNew Delhi :bSpringer ,c2003. axlii,1202bPBc25 cm. aDatabase creation connectivity and user management aConnectivity and networking aUser management and database security aData loading backup and recovery aManaging the operational databases aUsing oracle pl/sql packages